000 00524nam a2200193Ia 4500
005 20250923145050.0
008 008 250917s9999 xx 000 0 eng d
037 _aTextual
040 _aDSWL
_beng
_cDSWL
041 _aeng
_2eng
084 _aX
_qDSWL
100 _aPen, J.
_9831440
245 0 _aHarmony and conflict in modern society
_cby J. Pen
260 _aLondon
_bMcGraw-Hill Publiing Co. Ltd.
_c1962
365 _aINR
_b25
925 _g25
942 _cTEXL
_hX
999 _c1446664
_d1446664